Principles and practice of management : (Record no. 9071)

MARC details
000 -LEADER
fixed length control field 00613cam a22001812 4500
001 - CONTROL NUMBER
control field 0000019766
005 - DATE AND TIME OF LATEST TRANSACTION
control field 20151217152201.0
008 - FIXED-LENGTH DATA ELEMENTS--GENERAL INFORMATION
fixed length control field 110207s xx 000 0 eng d
040 ## - CATALOGING SOURCE
Original cataloging agency KABU
Transcribing agency KABU
110 2# - MAIN ENTRY--CORPORATE NAME
Corporate name or jurisdiction name as entry element Strathmore University.
Subordinate unit Distance Learning Centre.
-- 0000150769
245 10 - TITLE STATEMENT
Title Principles and practice of management :
Remainder of title subject no. 13 revision kit /
Statement of responsibility, etc. Strathore University.
260 ## - PUBLICATION, DISTRIBUTION, ETC. (IMPRINT)
Place of publication, distribution, etc. Nairobi :
Name of publisher, distributor, etc. Strathmore Universty Press,
Date of publication, distribution, etc. 2009.
300 ## - PHYSICAL DESCRIPTION
Extent xii, 218 p.
650 #0 - SUBJECT ADDED ENTRY--TOPICAL TERM
Topical term or geographic name as entry element Management.
-- 0000083920
852 1# - LOCATION
-- p980 KES
908 ## - PUT COMMAND PARAMETER (RLIN)
Put command parameter 110207
950 ## - LOCAL HOLDINGS (RLIN)
-- 1
Holdings
Withdrawn status Lost status Source of classification or shelving scheme Not for loan Home library Current library Date acquired Total Checkouts Full call number Barcode Date last seen Price effective from Koha item type
    Library of Congress Classification   Kabarak, Main Campus Kabarak, Main Campus 17/12/2015   HD31 .S77 2009 c. 1 22382 02/08/2024 17/12/2015 General Collection
Designed with assistance from East African Informatics Ltd